00355nam a2200145Ia 4500008004100000020001500041041001200056082001100068100001500079245006000094250000800154260002500162300000800187650001400195221030s9999 xx 000 0 und d a0070140905 aEnglish a105.23 aJ. A. Senn 0aAnalysis & Design of Information Systemscby J. A. Senn a2nd bTMHaNew Delhic2010 a853 aComputers